Religion Quiz

Random Religion or Famous Quiz

Famous Presbyterians Quiz Stats

 Plays Quiz Updated Feb 1, 2018

Challenge
Share
Tweet
Embed
Score 0/20 Timer 04:00
3 Plays Today
Hint Person % Correct
40th US President; 'The Gipper'Ronald Reagan
84.1%
Famous Child Star of 1930'sShirley Temple
83.9%
Actor, 'The Searchers; True Grit'John Wayne
83.1%
28th US President, promoted League of NationsWoodrow Wilson
81.1%
Actor, 'Superman'Christopher Reeve
80.3%
7th US President, 'Old Hickory'Andrew Jackson
79.7%
Head G-Man; FBI Director, 1935-1972J. Edgar Hoover
77.5%
First American in orbit, Senator from OhioJohn Glenn
75.7%
Founder of WalmartSam Walton
75.3%
Actor, 'It's a Wonderful Life'Jimmy Stewart
75.1%
Hint Person % Correct
Jefferson's VP; killed Alexander Hamilton in duelAaron Burr
74%
Author, 'Life on the Mississippi'Mark Twain
72.9%
Author, 'Treasure Island'Robert Louis Stevenson
72.8%
Billionaire businessman; third-party US Presidential candidate 1992, 1996Ross Perot
70.4%
Cowboy Icon of 1940's, rode TriggerRoy Rogers
60.5%
Author, 'The Sound and the Fury'William Faulkner
58.1%
US Politician ('Cross of Gold' speech); prosecutor in Scopes Monkey TrialWilliam Jennings Bryan
40.9%
Developed (invented) steam engineJames Watt
33.5%
Chief Justice, US Supreme Court 1969-1986Warren Burger
30.1%
Author, 'Anne of Green Gables'Lucy Maud Montgomery
26.3%

You're not logged in!

Compare scores with friends on all Sporcle quizzes.
Join for Free
OR
Log In

You Might Also Like...

Show Comments

Extras

Top Quizzes Today


Score Distribution

Your Account Isn't Verified!

In order to create a playlist on Sporcle, you need to verify the email address you used during registration. Go to your Sporcle Settings to finish the process.

Report this User

Report this user for behavior that violates our Community Guidelines.

Details: